<?xml version="1.0" encoding="UTF-8"?><?xml-stylesheet type="text/xsl" href="static/style.xsl"?><OAI-PMH xmlns="http://www.openarchives.org/OAI/2.0/" xmlns:xsi="http://www.w3.org/2001/XMLSchema-instance" xsi:schemaLocation="http://www.openarchives.org/OAI/2.0/ http://www.openarchives.org/OAI/2.0/OAI-PMH.xsd"><responseDate>2026-04-17T01:39:46Z</responseDate><request verb="GetRecord" identifier="oai:www.recercat.cat:11351/3349" metadataPrefix="marc">https://recercat.cat/oai/request</request><GetRecord><record><header><identifier>oai:recercat.cat:11351/3349</identifier><datestamp>2025-11-02T01:33:28Z</datestamp><setSpec>com_2072_378066</setSpec><setSpec>com_2072_378040</setSpec><setSpec>com_2072_378070</setSpec><setSpec>col_2072_378085</setSpec><setSpec>col_2072_378092</setSpec></header><metadata><record xmlns="http://www.loc.gov/MARC21/slim" xmlns:dcterms="http://purl.org/dc/terms/" xmlns:xsi="http://www.w3.org/2001/XMLSchema-instance" xmlns:doc="http://www.lyncode.com/xoai" xsi:schemaLocation="http://www.loc.gov/MARC21/slim http://www.loc.gov/standards/marcxml/schema/MARC21slim.xsd">
   <leader>00925njm 22002777a 4500</leader>
   <datafield ind2=" " ind1=" " tag="042">
      <subfield code="a">dc</subfield>
   </datafield>
   <datafield ind2=" " ind1=" " tag="720">
      <subfield code="a">Permanyer-Miralda, Gaietà</subfield>
      <subfield code="e">author</subfield>
   </datafield>
   <datafield ind2=" " ind1=" " tag="720">
      <subfield code="a">Solans-Domènech, Maite</subfield>
      <subfield code="e">author</subfield>
   </datafield>
   <datafield ind2=" " ind1=" " tag="720">
      <subfield code="a">Pons-Ràfols, Joan MV</subfield>
      <subfield code="e">author</subfield>
   </datafield>
   <datafield ind2=" " ind1=" " tag="720">
      <subfield code="a">Guillamón, Imma</subfield>
      <subfield code="e">author</subfield>
   </datafield>
   <datafield ind2=" " ind1=" " tag="720">
      <subfield code="a">Adam, Paula</subfield>
      <subfield code="e">author</subfield>
   </datafield>
   <datafield ind2=" " ind1=" " tag="260">
      <subfield code="c">2018-03-14T13:02:11Z</subfield>
   </datafield>
   <datafield ind2=" " ind1=" " tag="260">
      <subfield code="c">2018-03-14T13:02:11Z</subfield>
   </datafield>
   <datafield ind2=" " ind1=" " tag="260">
      <subfield code="c">2013</subfield>
   </datafield>
   <datafield ind2=" " ind1=" " tag="520">
      <subfield code="a">Impacte de la Recerca en Salut; Avaluació de la recerca; Programes de recerca</subfield>
   </datafield>
   <datafield ind2=" " ind1=" " tag="520">
      <subfield code="a">Impacto de la Investigación en Salud; Evaluación de la investigación; Programas de investigación</subfield>
   </datafield>
   <datafield ind2=" " ind1=" " tag="520">
      <subfield code="a">Impact of Health Research; Research evaluation; Research programs</subfield>
   </datafield>
   <datafield ind2=" " ind1=" " tag="520">
      <subfield code="a">Artículo que analiza los impactos de la investigación en la sociedades partir de unas referencias de 2009. Trata las definiciones de impacto social, la relación cambiante entre ciencia y sociedad, las posibilidad de estudio cuantitativo o cualitativo y diferentes orientaciones de la evaluación del impacto.</subfield>
   </datafield>
   <datafield ind2=" " ind1=" " tag="520">
      <subfield code="a">Article that analyzes the impacts of research on society from a reference in 2009. It deals with the definitions of social impact, the changing relationship between science and society, the possibility of quantitative or qualitative study and different orientations of evaluation of the impact</subfield>
   </datafield>
   <datafield ind2=" " ind1=" " tag="520">
      <subfield code="a">Article que analitza els impactes de la recerca en la societat a partir d'unes referències de 2009. Tracta les definicions d’impacte social, la relació canviant entre ciència i societat, les possibilitat d'estudi quantitatiu o qualitatiu i diferents orientacions de l’avaluació de l’impacte.</subfield>
   </datafield>
   <datafield tag="653" ind2=" " ind1=" ">
      <subfield code="a">Salut - Investigació - Avaluació</subfield>
   </datafield>
   <datafield tag="653" ind2=" " ind1=" ">
      <subfield code="a">Medicina - Investigació - Presa de decisions</subfield>
   </datafield>
   <datafield tag="653" ind2=" " ind1=" ">
      <subfield code="a">SCIENCE AND HEALTH::Health Sciences, Technology and Innovation Management::Resources for Research::Indicators::Science, Technology and Innovation Indicators::Social Perception of Science Indicators</subfield>
   </datafield>
   <datafield tag="653" ind2=" " ind1=" ">
      <subfield code="a">PUBLIC HEALTH::Health Policy, Planning and Management::Health Administration::Health Evaluation::Program Evaluation</subfield>
   </datafield>
   <datafield tag="653" ind2=" " ind1=" ">
      <subfield code="a">SCIENCE AND HEALTH::Health Sciences, Technology and Innovation Management::Policies and Cooperation in Science, Technology and Innovation::Knowledge Management for Health Research::Health Research Plans and Programs</subfield>
   </datafield>
   <datafield tag="653" ind2=" " ind1=" ">
      <subfield code="a">CIENCIA Y SALUD::gestión de ciencia, tecnología e innovación en salud::recursos para la investigación::indicadores (estadística)::indicadores de ciencia, tecnología e innovación::indicadores de percepción social de la ciencia</subfield>
   </datafield>
   <datafield tag="653" ind2=" " ind1=" ">
      <subfield code="a">SALUD PÚBLICA::Políticas, Planificación y Administración en salud::administración en salud::evaluación en salud::evaluación de programas</subfield>
   </datafield>
   <datafield tag="653" ind2=" " ind1=" ">
      <subfield code="a">CIENCIA Y SALUD::gestión de ciencia, tecnología e innovación en salud::políticas y cooperación en ciencia, tecnología e innovación::gestión del conocimiento para la investigación sanitaria::programas y planes de investigación sanitaria</subfield>
   </datafield>
   <datafield ind2="0" ind1="0" tag="245">
      <subfield code="a">L’impacte social de la recerca en temps de canvis: el debat continua</subfield>
   </datafield>
</record></metadata></record></GetRecord></OAI-PMH>